[Event "CRO-chT2 East"]
[Site "Osijek"]
[Date "2013.05.11"]
[Round "5.22"]
[White "Dulic, Grgur"]
[Black "Nol, Andrija"]
[Result "1-0"]
[WhiteElo "2250"]
[BlackElo "2144"]
[PlyCount "73"]
[EventDate "2013.04.20"]
[EventType "team-tourn"]
[EventRounds "11"]
[EventCountry "CRO"]
[SourceTitle "EXT 2023"]
[Source "ChessBase"]
[SourceDate "2022.10.05"]
[SourceVersion "1"]
[SourceVersionDate "2022.10.05"]
[SourceQuality "1"]

1. e4 c5 2. Nf3 Nc6 3. d4 cxd4 4. Nxd4 e5 5. Nb5 d6 6. N1c3 a6 7. Na3 b5 8. Nd5 h6 9. c4 b4 10. Nc2 a5 11. Be2 Nf6 12. Nxf6+ Qxf6 13. Ne3 Bd7 14. 0-0 g5 15. Nd5 Qd8 16. Be3 Rb8 17. Bg4 Be7 18. Qf3 Bxg4 19. Qxg4 0-0 20. Rad1 Kg7 21. h4 f6 22. hxg5 hxg5 23. f4 exf4 24. Nxf4 Qc8 25. Ne6+ Kf7 26. Nxg5+ Ke8 27. Qh5+ Kd7 28. Qh3+ Ke8 29. Qh5+ Kd7 30. Nh7 Kc7 31. Nxf8 Qxf8 32. Qd5 Rd8 33. Bf4 Qg8 34. c5 Qxd5 35. exd5 Ne5 36. Bxe5 fxe5 37. Rf7 1-0

[Event "CRO-chT2 Ost"]
[Site "Osijek"]
[Date "2012.10.06"]
[Round "8.43"]
[White "Dvornic, Mladen"]
[Black "Nol, Andrija"]
[Result "1-0"]
[WhiteElo "2314"]
[BlackElo "2127"]
[PlyCount "81"]
[EventDate "2012.04.21"]
[EventType "team-tourn"]
[EventRounds "11"]
[EventCountry "CRO"]
[SourceTitle "EXT 2014"]
[Source "ChessBase"]
[SourceDate "2013.11.20"]
[SourceVersion "1"]
[SourceVersionDate "2013.11.20"]
[SourceQuality "1"]

1. d4 f5 2. g3 Nf6 3. Bg2 e6 4. c4 d5 5. Nh3 c6 6. Qc2 Bd6 7. 0-0 0-0 8. Nd2 h6 9. b3 Qe8 10. f3 Na6 11. Nf2 Qf7 12. Bb2 Bd7 13. e4 Nh7 14. exf5 exf5 15. f4 Nf6 16. Nf3 Ne4 17. Ne5 Qe6 18. Bh3 Bc8 19. Nxe4 dxe4 20. a3 Qe8 21. Qc3 Nc7 22. Kh1 Be6 23. Rad1 Qh5 24. Bg2 Rfd8 25. Rd2 Bf8 26. h3 Qe8 27. g4 g6 28. Nxc6 bxc6 29. d5 Qe7 30. dxe6 Nxe6 31. Rxd8 Rxd8 32. Qh8+ Kf7 33. Qh7+ Ng7 34. gxf5 gxf5 35. Bxg7 Bxg7 36. Qxf5+ Kg8 37. Bxe4 Rd4 38. Qh7+ Kf8 39. Qf5+ Kg8 40. Re1 Qh4 41. Bd5+ 1-0